Riconosci il Pokémon - Quiz n°232 - Statistics

Statistiche generali
  • Questo quiz è stato fatto 1 volte
  • Il punteggio medio è 2 su 10
Statistiche sulle risposte
Indizio Risposta % Corretto
Tipo Erba / Folletto
100%
Generazione Settima
100%
Altezza 1,9 m
0%
Tasso di cattura 3 (1.6%)
0%
Peso 45,5 kg
0%
Abilità Erbogenesi; Telepatia
0%
Tasso di allevamento Lento
0%
Stadio evoluzione Non si evolve
0%
Sesso Sconosciuto
0%
Pokémon Tapu Bulu
0%
Nessun quiz corrispondente trovato
Distribuzione punteggi
Percentuale di utenti per punteggio
Percentile per numero di risposta
I tuoi punteggi nel tempo
Non hai fatto questo quiz